000 00874nam a2200253 a 4500
001 000032902
003 DO-SdBNP
005 20170906091805.0
007 000032902
008 110801s2008 sp d 000 0 spa d
020 _a9684182155
040 _aBPMSU
_bspa
_cBPMSU
082 4 _aR 036.1
_bG748d
245 0 0 _aGran diccionario enciclopédico Time Life /
_crealización Jorge Hernán López Cano...[y otros].
260 _aMéxico, D.F. :
_bEdiciones Culturales Internacionales,
_c2008
300 _a1158 p. :
_bil. ;
_c28 cm.
500 _aLa biblioteca posee la 1a. reimpresión de la 2a edición de 2007
650 4 _aENCICLOPEDIAS Y DICCIONARIOS ESPAÑOLES
700 1 _aLópez Cano, Jorge Hernán
_eeditor
910 _aValidado. Control de calidad MFF
942 _2ddc
_cBK
945 _aInventariados /2017 VM
956 _aVMATEO
_b10
_c20151002
_lBPMSU
_h0069
999 _c7344
_d7344